00563nam a2200133 a 4500008004100000050002200041100003400063245014400097260003900241300003400280650005000314650003800364650002700402220303s2017 ||||||||||||||||| || u aCBU-PD THESIS/NDH aNdhlovu, Pelatie Mukeshimana 10aImpact of Development Induced displacement on Social Capital : A case of Mufuchani Bridge in Kitwe, Zambia cBy Pelatie Mukeshimana Ndhlovu aKitwebCopperbelt Universityc2017 axii, 95 pages : illustrations aDEVELOPMENT IN MUFUCHANI BRIDGE KITWE, ZAMBIA aSOCIAL CAPITAL - MUFUCHANI BRIDGE aMUFUCHANI BRIDGE KITWE